Comprehensive test ban treaty where does India stand? / (Record no. 143287)

MARC details
000 -LEADER
fixed length control field 00617nam a22001817a 4500
010 ## - LCCN (DPL NO)
LC control number ENG-119564
020 ## - INTERNATIONAL STANDARD BOOK NUMBER
Terms of availability 790.00
International Standard Book Number 9789380297149
035 ## - SYSTEM CONTROL NUMBER
System control number EN-103096
037 ## - SOURCE OF ACQUISITION
Source of stock number/acquisition DBAD/PUB
082 ## - DEWEY DECIMAL CLASSIFICATION NUMBER
Classification number 327.17470954
100 ## - MAIN ENTRY--PERSONAL NAME
Personal name Paddock, Carl
245 ## - TITLE STATEMENT
Title Comprehensive test ban treaty where does India stand? /
Statement of responsibility, etc by Carl Paddock
260 ## - PUBLICATION, DISTRIBUTION, ETC. (IMPRINT)
Place of publication, distribution, etc New Delhi
Name of publisher, distributor, etc Epitome Books
Date of publication, distribution, etc 2010
270 ## - ADDRESS
Address B-65 Mansaram Park Near Nawada Metro Station
City New Delhi
Postal code 110059-06
300 ## - PHYSICAL DESCRIPTION
Extent vii,254p.
Dimensions 22cm(Hb)
500 ## - GENERAL NOTE
General note Includes bibliographical references and index
942 ## - ADDED ENTRY ELEMENTS (KOHA)
Source of classification or shelving scheme Dewey Decimal Classification
Item type English Books
Classification part 327.17470954
Call number suffix PAD
Holdings
Withdrawn status Lost status Not for loan Collection code Home library Current library Date acquired Source of acquisition Cost, normal purchase price Full call number Barcode Copy number Cost, replacement price Koha item type
      Non-fiction Ashok Vihar Ashok Vihar 11/08/2017 DBAD/PUB 790.00 327.17470954 PAD EN-103096 1 790.00 English Books

© Delhi Public Library
Hit Counter
free hit counter